Agricultural credit system in Japan (Record no. 357275)

000 -LEADER
fixed length control field 00486cam a22001457a 4500
008 - FIXED-LENGTH DATA ELEMENTS--GENERAL INFORMATION
fixed length control field 180718b1959 xxu||||| |||| 00| 0 eng d
082 ## - DEWEY DECIMAL CLASSIFICATION NUMBER
Classification number Zx52 Ag85/5
100 ## - MAIN ENTRY--PERSONAL NAME
Personal name Akita, Yohinori
245 ## - TITLE STATEMENT
Title Agricultural credit system in Japan
Statement of responsibility, etc. by Yohinori Akita
260 ## - PUBLICATION, DISTRIBUTION, ETC.
Place of publication, distribution, etc. Tokyo
Name of publisher, distributor, etc. Agriculture, Forestry and Fisheries Productivity Conference
Date of publication, distribution, etc. 1959
300 ## - PHYSICAL DESCRIPTION
Extent 80p.
440 ## - SERIES STATEMENT/ADDED ENTRY--TITLE
Title Agricultural Development Series, 5
500 ## - GENERAL NOTE
General note Bound with Zx52 Ag85/1-8
650 ## - SUBJECT ADDED ENTRY--TOPICAL TERM
Topical term or geographic name entry element Agricultural Credit - Japan
Holdings
Withdrawn status Lost status Damaged status Not for loan Permanent Location Current Location Date acquired Full call number Barcode Date last seen Price effective from Koha item type
        Indian Institute of Public Administration Indian Institute of Public Administration 1994-01-12 Zx52 Ag85/5 28952 2018-07-21 2018-07-21 Book

Powered by Koha